| Tag |
First Indicator |
Second Indicator |
Subfields |
| LEADER |
00000cam a2200000 a 4500 |
| 001 |
in00001800607 |
| 005 |
20220106093753.0 |
| 008 |
040226s2004 dcu b f000 0 eng c |
| 035 |
|
|
|a (OCoLC)ocm54481596
|
| 040 |
|
|
|a GPO
|c GPO
|d DLC
|d MvI
|d UtOrBLW
|
| 042 |
|
|
|a pcc
|
| 043 |
|
|
|a n-us---
|
| 049 |
|
|
|a UDOC
|
| 049 |
|
|
|a WWW
|
| 074 |
|
|
|a 1008-C
|
| 074 |
|
|
|a 1008-C (online)
|
| 074 |
|
|
|a 1008-D (MF)
|
| 074 |
|
|
|a 1008-D (online)
|
| 086 |
0 |
|
|a Y 1.1/5:108-223
|
| 110 |
1 |
|
|a United States.
|b Congress.
|b Senate.
|b Committee on Governmental Affairs.
|
| 245 |
1 |
0 |
|a Federal Workforce Flexibility Act of 2003 :
|b report of the Committee on Governmental Affairs, United States Senate to accompany S. 129 to provide for reform relating to federal employment, and for other purposes.
|
| 264 |
|
1 |
|a Washington :
|b U.S. G.P.O.,
|c 2004.
|
| 300 |
|
|
|a ii, 30 pages ;
|c 24 cm.
|
| 336 |
|
|
|a text
|b txt
|2 rdacontent
|
| 337 |
|
|
|a unmediated
|b n
|2 rdamedia
|
| 338 |
|
|
|a volume
|b nc
|2 rdacarrier
|
| 490 |
1 |
|
|a Report / 108th Congress, 2d session, Senate ;
|v 108-223
|
| 500 |
|
|
|a Distributed to some depository libraries in microfiche.
|
| 500 |
|
|
|a Shipping list number: 2004-0090-P.
|
| 500 |
|
|
|a "January 27, 2004."
|
| 500 |
|
|
|a Shipping List Date: 02/19/2004
|
| 504 |
|
|
|a Includes bibliographical references.
|
| 530 |
|
|
|a Also available via Internet from the GPO Access web site. Addresses as of 2/25/04: http://frwebgate.access.gpo.gov/cgi-bin/getdoc.cgi?dbname=108%5Fcong%5Freports&docid=f:sr223.108 (text version), http://frwebgate.access.gpo.gov/cgi-bin/getdoc.cgi?dbname=108%5Fcong%5Freports&docid=f:sr223.108.pdf (PDF version); current access is available via PURLs.
|
| 650 |
|
0 |
|a Civil service reform
|z United States.
|
| 650 |
|
0 |
|a Civil service
|z United States
|x Personnel management.
|
| 650 |
|
0 |
|a Human capital
|z United States
|x Management.
|
| 650 |
|
0 |
|a Labor laws and legislation
|z United States.
|
| 810 |
1 |
|
|a United States.
|b Congress.
|b Senate.
|t Report ;
|v 108-223.
|
| 856 |
4 |
1 |
|3 Text version:
|u https://purl.fdlp.gov/GPO/LPS44428
|t 0
|
| 856 |
4 |
1 |
|3 PDF version:
|u https://purl.fdlp.gov/GPO/LPS44431
|t 0
|
| 999 |
|
|
|a MARS
|
| 999 |
f |
f |
|s 4dda53e3-815c-3e5f-8c55-82127cedb1fb
|i 6ccf5dc7-6e93-390f-9b33-f5b098786684
|t 0
|
| 952 |
f |
f |
|a Texas A&M University
|b College Station
|c Electronic Resources
|d Available Online
|t 0
|e Y 1.1/5:108-223
|h Superintendent of Documents classification
|
| 998 |
f |
f |
|a Y 1.1/5:108-223
|t 0
|l Available Online
|